[Event "Sri Lanka National B Chess Championship 2015"]
[Site "SLIIT, Malabe"]
[Date "2015.06.19"]
[Round "2"]
[Board "17"]
[White "Liyanapathirana, Pasan Vindula"]
[Black "Herath, H M H C B"]
[Result "1/2-1/2"]
[WhiteElo "1847"]
[BlackElo "1438"]
[PlyCount "138"]
[EventDate "2015.06.19"]
[EventRounds "10"]
[EventCountry "SRI"]

1. c4 Nf6 2. Nc3 e6 3. g3 Be7 4. Bg2 c5 5. e4 Nc6 6. Nge2 d6 7. d3 a6 8. O-O
O-O 9. h3 Qc7 10. Be3 b6 11. f4 Bb7 12. g4 Rac8 13. g5 Nd7 14. f5 exf5 15. exf5
Rfe8 16. g6 fxg6 17. Bd5+ Kh8 18. Bf7 Rf8 19. Nd5 Qd8 20. fxg6 Nce5 21. Nef4
Bxd5 22. cxd5 Bg5 23. Qh5 h6 24. Rae1 Nf6 25. Qe2 Bxf4 26. Bxf4 Nxf7 27. gxf7
Rxf7 28. Qe6 Qf8 29. Bxd6 Qg8 30. Be7 Re8 31. d6 a5 32. Qb3 Nd5 33. Qb5 Nxe7
34. dxe7 Rfxe7 35. Rxe7 Rxe7 36. Qxb6 Re6 37. Qb7 Rg6+ 38. Kh2 Qe6 39. Qe4 Qd6+
40. Kh1 Re6 41. Qf4 Qc6+ 42. Qf3 Qxf3+ 43. Rxf3 Re2 44. Rf8+ Kh7 45. Ra8 Rxb2
46. Rxa5 Kg6 47. a4 Ra2 48. Rxc5 Rxa4 49. Kg2 Rd4 50. Rc3 Kg5 51. Kf3 Kh4 52.
Rc4 Rxc4 53. dxc4 Kg5 54. Ke4 Kf6 55. Kd5 g5 56. Kd6 h5 57. c5 g4 58. hxg4 h4
59. c6 h3 60. c7 h2 61. c8=Q h1=Q 62. Qf8+ Kg6 63. Qf5+ Kg7 64. Qd7+ Kg6 65.
Qe8+ Kg7 66. Qe7+ Kg6 67. Qe8+ Kg7 68. Qd7+ Kg6 69. Qf5+ Kg7 1/2-1/2

[Event "Sri Lanka National B Chess Championship 2015"]
[Site "SLIIT, Malabe"]
[Date "2015.06.19"]
[Round "2"]
[Board "18"]
[White "Gamage, H Charanga Jithmal"]
[Black "Dassanayake, D M G S"]
[Result "0-1"]
[WhiteElo "1653"]
[BlackElo "1845"]
[PlyCount "52"]
[EventDate "2015.06.19"]
[EventRounds "10"]
[EventCountry "SRI"]

1. e4 c6 2. Nf3 d5 3. Nc3 Bg4 4. h3 Bxf3 5. gxf3 e6 6. d4 Nf6 7. Be3 b5 8. Bd3
Be7 9. Qd2 Qb6 10. Rg1 g6 11. Ne2 Na6 12. Bg5 Nb4 13. e5 Nxd3+ 14. Qxd3 Ng8 15.
h4 h5 16. Nf4 Bxg5 17. Rxg5 Ne7 18. O-O-O Nf5 19. Nxg6 fxg6 20. Rxg6 Ke7 21.
Rdg1 Raf8 22. Qd2 Qxd4 23. Qg5+ Kd7 24. f4 Ne7 25. Kb1 Nxg6 26. Qxg6 Qxf4 0-1

[Event "Sri Lanka National B Chess Championship 2015"]
[Site "SLIIT, Malabe"]
[Date "2015.06.19"]
[Round "2"]
[Board "19"]
[White "Weerasinghe, Chamath"]
[Black "Gunawardena, I M P T"]
[Result "1-0"]
[WhiteElo "1825"]
[BlackElo "1532"]
[PlyCount "59"]
[EventDate "2015.06.19"]
[EventRounds "10"]
[EventCountry "SRI"]

1. e4 c5 2. Nf3 Nc6 3. d4 cxd4 4. Nxd4 g6 5. c4 Bg7 6. Be3 Nf6 7. Nc3 d6 8. Be2
Nxd4 9. Qxd4 O-O 10. Qd2 Be6 11. Rc1 Rc8 12. b3 Qa5 13. O-O Kh8 14. f3 Nd7 15.
Rfd1 a6 16. Bd4 Ne5 17. f4 Nc6 18. Bxg7+ Kxg7 19. g4 f5 20. gxf5 gxf5 21. Kh1
fxe4 22. Qb2 Rf6 23. Nxe4 Bf5 24. Nxf6 exf6 25. Bd3 Bxd3 26. Rxd3 Qf5 27. Qg2+
Kf7 28. Rg3 Qxf4 29. Rg7+ Ke6 30. Qd5# 1-0

[Event "Sri Lanka National B Chess Championship 2015"]
[Site "SLIIT, Malabe"]
[Date "2015.06.19"]
[Round "2"]
[Board "20"]
[White "Fernando, W V A Tithira Damind"]
[Black "Ranasinghe, S D"]
[Result "0-1"]
[WhiteElo "1508"]
[BlackElo "1813"]
[PlyCount "109"]
[EventDate "2015.06.19"]
[EventRounds "10"]
[EventCountry "SRI"]

1. e4 c5 2. c3 d5 3. exd5 Qxd5 4. d4 Nc6 5. Nf3 Bg4 6. dxc5 Bxf3 7. Qxf3 Qxc5
8. Be3 Qe5 9. Nd2 Nf6 10. Nc4 Qe4 11. Be2 e6 12. O-O Qxf3 13. Bxf3 Nd5 14. Bd2
O-O-O 15. Rfd1 Be7 16. g3 Bf6 17. Bg2 Rd7 18. Ne3 Nb6 19. Be1 Rhd8 20. Rxd7
Rxd7 21. f4 Ne7 22. Ng4 Ned5 23. Nxf6 Nxf6 24. h3 Nc4 25. Rb1 Nd5 26. b3 Nce3
27. Bf3 Nc2 28. Bf2 Nxc3 29. Rc1 Rd2 30. Be3 Re2 31. Bxa7 Re1+ 32. Rxe1 Nxe1
33. Bh1 Nxa2 34. Bd4 f6 35. Be4 Nc1 36. Kf2 Ned3+ 37. Ke3 Nb4 38. Bb2 Nxb3 39.
Bxh7 Nd5+ 40. Kd3 b5 41. Ke4 Nd2+ 42. Kd4 Nb3+ 43. Kd3 Kd7 44. Kc2 Na5 45. h4
Nc4 46. Bd4 Nce3+ 47. Kb3 Nf5 48. Bxf5 exf5 49. h5 Ke6 50. Kc2 Kf7 51. Kd3 Kg8
52. Ke2 Kh7 53. Kd3 Nc7 54. Bb6 Ne6 55. Kc3 {poor recording} 0-1

[Event "Sri Lanka National B Chess Championship 2015"]
[Site "SLIIT, Malabe"]
[Date "2015.06.20"]
[Round "3"]
[Board "1"]
[White "Priyankara, Chamil"]
[Black "Kurukulasuriya, Prasanna"]
[Result "1-0"]
[WhiteElo "1959"]
[BlackElo "2102"]
[PlyCount "89"]
[EventDate "2015.06.19"]
[EventRounds "10"]
[EventCountry "SRI"]

1. e4 c5 2. Nc3 a6 3. Nge2 d6 4. d4 cxd4 5. Nxd4 Nf6 6. Bg5 e6 7. f4 Be7 8. Qf3
Qc7 9. O-O-O Nbd7 10. g4 b5 11. Bxf6 Nxf6 12. Bd3 b4 13. Nce2 Nd7 14. Kb1 Nc5
15. g5 Rb8 16. h4 Bd7 17. f5 e5 18. f6 gxf6 19. gxf6 Bf8 20. Nf5 Na4 21. Ka1
Be6 22. Ne3 Bxa2 23. Kxa2 Qa5 24. Kb1 Nc3+ 25. Kc1 Qa1+ 26. Kd2 Nxd1 27. Nxd1
a5 28. Bc4 Bh6+ 29. Ke1 O-O 30. Ng3 Qc1 31. Qg2 Kh8 32. Nf5 Rg8 33. Qf2 Bf4 34.
Nxd6 Rbf8 35. Nf5 Rd8 36. Bd5 a4 37. Rh3 a3 38. bxa3 bxa3 39. Rd3 Rxd5 40. Rxd5
a2 41. Nd6 h6 42. Nxf7+ Kh7 43. Qa7 a1=Q 44. Ng5+ Kg6 45. Qf7# 1-0

[Event "Sri Lanka National B Chess Championship 2015"]
[Site "SLIIT, Malabe"]
[Date "2015.06.20"]
[Round "3"]
[Board "2"]
[White "Gunaratne, Mojitha Sathsara"]
[Black "Edirisinghe, Dulan"]
[Result "0-1"]
[WhiteElo "1899"]
[BlackElo "2035"]
[PlyCount "80"]
[EventDate "2015.06.19"]
[EventRounds "10"]
[EventCountry "SRI"]

1. d4 Nf6 2. c4 g6 3. f3 Bg7 4. e4 d6 5. Nc3 O-O 6. Be3 Nbd7 7. Nge2 c5 8. d5
Ne5 9. Ng3 h5 10. Be2 a6 11. O-O Rb8 12. a4 e6 13. h3 exd5 14. cxd5 h4 15. Nh1
Ne8 16. f4 Nd7 17. Qe1 Nc7 18. g4 Re8 19. Nf2 b5 20. axb5 axb5 21. Qd2 b4 22.
Na4 Nb5 23. Bxb5 Rxb5 24. g5 Nb6 25. Nxb6 Rxb6 26. Ra8 Qe7 27. Re1 Ra6 28. Rxa6
Bxa6 29. Ng4 Bc8 30. Bf2 Bxg4 31. hxg4 Qa7 32. Bxh4 Qa2 33. e5 dxe5 34. f5 Qc4
35. Qe2 Qxd5 36. Rd1 Qc6 37. f6 Bf8 38. b3 e4 39. Bg3 Qe6 40. Bf4 Qxb3 0-1

[Event "Sri Lanka National B Chess Championship 2015"]
[Site "SLIIT, Malabe"]
[Date "2015.06.20"]
[Round "3"]
[Board "3"]
[White "Thilakarathne, G M S"]
[Black "Peiris, T S S"]
[Result "0-1"]
[WhiteElo "1890"]
[BlackElo "2026"]
[PlyCount "106"]
[EventDate "2015.06.19"]
[EventRounds "10"]
[EventCountry "SRI"]

1. e4 e6 2. d4 d5 3. Nc3 a6 4. Nf3 Nf6 5. Bd3 Bb4 6. exd5 exd5 7. O-O O-O 8.
Bg5 Be7 9. Ne5 h6 10. Bh4 c5 11. dxc5 d4 12. Ne2 Bxc5 13. Nf3 Bg4 14. Ne5 Bc8
15. f4 Qd6 16. Ng3 Nc6 17. Re1 Bb4 18. Re2 Nd5 19. a3 Nxf4 20. Nxc6 Qxc6 21.
axb4 Bg4 22. Qf1 Bxe2 23. Nxe2 Nxd3 24. cxd3 Qb5 25. Nxd4 Qxb4 26. Qf2 Rae8 27.
Rc1 Rc8 28. Re1 Rfe8 29. Rxe8+ Rxe8 30. h3 Qd6 31. Nf5 Qxd3 32. Ne7+ Kf8 33.
Nf5 Re5 34. Nd4 Re4 35. Nf3 Qb5 36. Qc2 Qe8 37. Qc7 Qc6 38. Qd8+ Re8 39. Qd2 b5
40. Kh2 Qc5 41. Bg3 Kg8 42. Qd7 Qc8 43. Qd3 b4 44. Ne5 Qe6 45. Qd4 a5 46. Nc4
Qa6 47. Qd7 Rf8 48. Qd4 a4 49. Bd6 Rd8 50. Qd1 a3 51. bxa3 bxa3 52. Qb3 a2 53.
Be5 Rc8 0-1

[Event "Sri Lanka National B Chess Championship 2015"]
[Site "SLIIT, Malabe"]
[Date "2015.06.20"]
[Round "3"]
[Board "4"]
[White "Prabajith, Asela"]
[Black "De Silva, Elath Mathanga"]
[Result "0-1"]
[WhiteElo "1845"]
[BlackElo "1962"]
[PlyCount "94"]
[EventDate "2015.06.19"]
[EventRounds "10"]
[EventCountry "SRI"]

1. e4 c5 2. Nc3 g6 3. f4 Bg7 4. Nf3 a6 5. a4 Nc6 6. g3 e6 7. Bg2 Nge7 8. d3 O-O
9. O-O d5 10. e5 h5 11. Nh4 Nd4 12. h3 Nec6 13. Ne2 Nxe2+ 14. Qxe2 Nd4 15. Qd1
Rb8 16. c3 Nf5 17. Nxf5 exf5 18. Be3 d4 19. cxd4 cxd4 20. Bd2 Re8 21. Bb4 Bf8
22. Bxf8 Rxf8 23. Bf3 Be6 24. Rf2 Kg7 25. Rh2 Rh8 26. Rc1 Bd5 27. Bxd5 Qxd5 28.
Rc7 Rhc8 29. Rhc2 Rxc7 30. Rxc7 Re8 31. Kf2 b5 32. axb5 Qxb5 33. Qc2 Re6 34.
Rc4 Qd5 35. Qd1 Rb6 36. b4 a5 37. Rc5 Qa2+ 38. Rc2 Qa4 39. e6 Rxe6 40. bxa5 Re3
41. Rd2 Qc6 42. Ra2 h4 43. Rc2 Qd5 44. Kg1 Rxg3+ 45. Kh2 Qxa5 46. Re2 Qd5 47.
Re5 Qg2# 0-1

[Event "Sri Lanka National B Chess Championship 2015"]
[Site "SLIIT, Malabe"]
[Date "2015.06.20"]
[Round "3"]
[Board "5"]
[White "Doluweera, Minul Sanjula"]
[Black "Lasitha, Subash"]
[Result "1-0"]
[WhiteElo "2046"]
[BlackElo "1750"]
[PlyCount "93"]
[EventDate "2015.06.19"]
[EventRounds "10"]
[EventCountry "SRI"]

1. c4 Nf6 2. Nc3 g6 3. e4 d6 4. d4 Bg7 5. f4 O-O 6. Nf3 Bg4 7. e5 dxe5 8. dxe5
Qxd1+ 9. Nxd1 Ne4 10. Be2 c6 11. Ne3 Bxf3 12. Bxf3 Nc5 13. Ke2 Nba6 14. Bd2
Rad8 15. g3 Rd7 16. Bc3 Na4 17. Rac1 Nxc3+ 18. Rxc3 Rfd8 19. Rd1 e6 20. a3 Nc5
21. b4 Na4 22. Rcd3 Rxd3 23. Rxd3 Rxd3 24. Kxd3 Nb6 25. c5 Nd5 26. Nc4 Bf8 27.
Na5 b6 28. cxb6 axb6 29. Nxc6 Nc7 30. a4 Kg7 31. Kc4 f6 32. a5 b5+ 33. Kb3 g5
34. Nb8 gxf4 35. gxf4 fxe5 36. fxe5 Kg6 37. a6 Nxa6 38. Nxa6 Kf5 39. Nc5 Bg7
40. Nd3 Bh6 41. Bc6 Be3 42. Bxb5 Bg1 43. h3 Ke4 44. Kc3 h5 45. Bd7 Kf5 46. Be8
h4 47. Bh5 1-0

[Event "Sri Lanka National B Chess Championship 2015"]
[Site "SLIIT, Malabe"]
[Date "2015.06.20"]
[Round "3"]
[Board "6"]
[White "Jayasundara, P K U M"]
[Black "Munasinghe, Thisura"]
[Result "1-0"]
[WhiteElo "2031"]
[BlackElo "1833"]
[PlyCount "79"]
[EventDate "2015.06.19"]
[EventRounds "10"]
[EventCountry "SRI"]

1. e4 e6 2. d4 d5 3. Nc3 Bb4 4. exd5 exd5 5. Bd3 Ne7 6. Qh5 c5 7. dxc5 Nbc6 8.
Nge2 d4 9. a3 dxc3 10. axb4 Nxb4 11. Be4 Nbd5 12. Nxc3 Nxc3 13. bxc3 Ng6 14.
O-O O-O 15. c6 Qc7 16. Qb5 b6 17. Be3 Be6 18. f4 f5 19. Bf3 Rac8 20. c4 Qf7 21.
Bd5 Ne7 22. Rfd1 Rc7 23. Bd4 Rfc8 24. Be5 Rxc6 25. Bxc6 Bxc4 26. Qb4 Nxc6 27.
Qd6 h6 28. Bb2 b5 29. h3 a5 30. Re1 Qc7 31. Re8+ Kh7 32. Qf8 Rxe8 33. Qxe8 Nb4
34. Re1 Nd5 35. Qf8 Nxf4 36. Qxf5+ Ng6 37. Rd1 Qf4 38. Rd7 Qxf5 39. Rxg7+ Kh8
40. Rxg6+ 1-0

[Event "Sri Lanka National B Chess Championship 2015"]
[Site "SLIIT, Malabe"]
[Date "2015.06.20"]
[Round "3"]
[Board "7"]
[White "Dassanayake, D M G S"]
[Black "Wijekoon, Chandana"]
[Result "0-1"]
[WhiteElo "1845"]
[BlackElo "2007"]
[PlyCount "54"]
[EventDate "2015.06.19"]
[EventRounds "10"]
[EventCountry "SRI"]

1. d4 Nf6 2. c4 c5 3. d5 b5 4. cxb5 a6 5. b6 e6 6. Nc3 Nxd5 7. Nxd5 exd5 8.
Qxd5 Nc6 9. Nf3 Rb8 10. e4 Be7 11. Bc4 O-O 12. O-O Rxb6 13. b3 Nb4 14. Qh5 Bb7
15. Ne5 Qe8 16. Bb2 Bf6 17. Qf5 Bc8 18. Qf4 d6 19. Bxf7+ Rxf7 20. Nxf7 Qxf7 21.
Bxf6 Qxf6 22. Qd2 Nc6 23. Qd5+ Qe6 24. Qxe6+ Bxe6 25. Rfd1 Nd4 26. Rab1 a5 27.
f3 Ne2+ 0-1

[Event "Sri Lanka National B Chess Championship 2015"]
[Site "SLIIT, Malabe"]
[Date "2015.06.20"]
[Round "3"]
[Board "8"]
[White "Naotunna, Dineth Nimnaka"]
[Black "Weerasinghe, Chamath"]
[Result "1/2-1/2"]
[WhiteElo "2006"]
[BlackElo "1825"]
[PlyCount "72"]
[EventDate "2015.06.19"]
[EventRounds "10"]
[EventCountry "SRI"]

1. d4 Nf6 2. c4 e6 3. Nc3 d5 4. a3 Be7 5. Bf4 c6 6. e3 Nbd7 7. Nf3 a6 8. Be2
O-O 9. h3 dxc4 10. Bxc4 b5 11. Bd3 Bb7 12. Ne5 c5 13. dxc5 Nxc5 14. O-O Nxd3
15. Qxd3 Qxd3 16. Nxd3 Nd5 17. Nxd5 Bxd5 18. Ne5 Rfd8 19. Rac1 Rac8 20. f3 Bd6
21. e4 Bxe5 22. Bxe5 Rxc1 23. Rxc1 Bc4 24. Bc3 f6 25. f4 Kf7 26. Kf2 g6 27. e5
f5 28. Re1 Rd3 29. Re3 Rxe3 30. Kxe3 Ke7 31. g4 Kd7 32. Kf2 Kc6 33. gxf5 gxf5
34. Kg3 Kd5 35. Kf3 Bf1 36. h4 h5 1/2-1/2

[Event "Sri Lanka National B Chess Championship 2015"]
[Site "SLIIT, Malabe"]
[Date "2015.06.20"]
[Round "3"]
[Board "9"]
[White "Lamawansa, Yasas"]
[Black "Prabath, D G Ravi"]
[Result "1-0"]
[WhiteElo "1960"]
[BlackElo "1812"]
[PlyCount "97"]
[EventDate "2015.06.19"]
[EventRounds "10"]
[EventCountry "SRI"]

1. d4 Nf6 2. c4 e6 3. g3 d5 4. Nf3 c6 5. Bg2 Nbd7 6. O-O Be7 7. Nbd2 O-O 8. Qc2
b6 9. e4 dxe4 10. Nxe4 Bb7 11. Rd1 Nxe4 12. Qxe4 Qc7 13. Bf4 Bd6 14. Ne5 Rac8
15. c5 Bxe5 16. Bxe5 Nxe5 17. Qxe5 Rfd8 18. b4 Rd7 19. Rac1 b5 20. Qe3 Rcd8 21.
f4 a5 22. a3 Re7 23. Be4 Rde8 24. Qd3 g6 25. h4 a4 26. h5 f5 27. Bf3 g5 28. Qe3
g4 29. Bg2 Rf8 30. Kf2 Rf6 31. Re1 Qd7 32. d5 cxd5 33. c6 Bxc6 34. Qc3 Qa7+ 35.
Kf1 e5 36. fxe5 d4 37. exf6 Bxg2+ 38. Kxg2 Re2+ 39. Rxe2 dxc3 40. Rxc3 Qa8+ 41.
Kh2 Kf7 42. Rf2 Qe4 43. Rc5 Qe3 44. Rcxf5 Qxa3 45. Rxb5 Qd3 46. Rb7+ Kf8 47. f7
Qd6 48. Ra7 Qd5 49. Re2 1-0

[Event "Sri Lanka National B Chess Championship 2015"]
[Site "SLIIT, Malabe"]
[Date "2015.06.20"]
[Round "3"]
[Board "10"]
[White "Thilakarathne, G M H"]
[Black "Piyumantha, M Sasith Nipun"]
[Result "1/2-1/2"]
[WhiteElo "1950"]
[BlackElo "1796"]
[PlyCount "31"]
[EventDate "2015.06.19"]
[EventRounds "10"]
[EventCountry "SRI"]

1. e4 c5 2. Nf3 g6 3. d4 cxd4 4. Nxd4 Nc6 5. Nc3 Bg7 6. Be3 Nf6 7. Bc4 O-O 8.
Bb3 a5 9. f3 d5 10. Bxd5 Nxd5 11. Nxd5 f5 12. Nxc6 bxc6 13. Nb6 Rb8 14. c3 fxe4
15. fxe4 Ba6 16. Qxd8 1/2-1/2

[Event "Sri Lanka National B Chess Championship 2015"]
[Site "SLIIT, Malabe"]
[Date "2015.06.20"]
[Round "3"]
[Board "11"]
[White "Ranasinghe, S D"]
[Black "Herath, H M A K"]
[Result "0-1"]
[WhiteElo "1813"]
[BlackElo "1910"]
[PlyCount "96"]
[EventDate "2015.06.19"]
[EventRounds "10"]
[EventCountry "SRI"]

1. g3 d5 2. Nf3 c5 3. Bg2 Nc6 4. O-O e6 5. d4 Nf6 6. c3 Bd6 7. Bg5 h6 8. Bxf6
Qxf6 9. Re1 Qg6 10. Nh4 Qf6 11. e4 dxe4 12. d5 exd5 13. Qxd5 O-O 14. Nd2 Qe6
15. Bxe4 Qxd5 16. Bxd5 Bd7 17. Ne4 Be7 18. Ng6 Rfe8 19. Nxe7+ Rxe7 20. Bxc6
Bxc6 21. Nf6+ Kf8 22. Ng4 Rae8 23. Rxe7 Rxe7 24. Ne3 Bf3 25. Kf1 g6 26. a4 f5
27. a5 Kf7 28. Re1 g5 29. Nc2 Be4 30. Rc1 Bd3+ 31. Kg1 Re2 32. Ne1 Be4 33. f3
Bc6 34. b3 g4 35. Kf1 Rxh2 36. f4 h5 37. Rc2 Rh1+ 38. Kf2 h4 39. gxh4 Rxh4 40.
Re2 Rh2+ 41. Ke3 Rxe2+ 42. Kxe2 Be4 43. Kf2 Ke6 44. Ke3 Kd5 45. c4+ Kc6 46. Kd2
b5 47. Ke3 bxc4 48. bxc4 Kb7 0-1

[Event "Sri Lanka National B Chess Championship 2015"]
[Site "SLIIT, Malabe"]
[Date "2015.06.20"]
[Round "3"]
[Board "12"]
[White "Galappaththi, Chinthaka Anurud"]
[Black "De Silva, Rasheen"]
[Result "1-0"]
[WhiteElo "2129"]
[BlackElo "1788"]
[PlyCount "79"]
[EventDate "2015.06.19"]
[EventRounds "10"]
[EventCountry "SRI"]

1. Nf3 d5 2. g3 Nf6 3. Bg2 e6 4. O-O b6 5. c4 Bb7 6. cxd5 Nxd5 7. d4 Nd7 8. Re1
Be7 9. e4 N5f6 10. Nc3 O-O 11. a3 Re8 12. Bf4 a6 13. Rc1 Rc8 14. h3 b5 15. d5
Nf8 16. Ne5 Bd6 17. Qb3 exd5 18. exd5 Ng6 19. Nxg6 hxg6 20. Bg5 Rxe1+ 21. Rxe1
Qf8 22. Qd1 Re8 23. Qd2 Rxe1+ 24. Qxe1 Qe8 25. Kf1 Qxe1+ 26. Kxe1 Nd7 27. Be3
Kf8 28. Kd2 Ne5 29. Bd4 c5 30. dxc6 Nxc6 31. Ke3 Na5 32. Bxb7 Nxb7 33. b4 f5
34. f4 Kf7 35. h4 Kf8 36. Be5 Kf7 37. Kd4 Be7 38. Kd5 Nd8 39. Ne2 a5 40. bxa5
 1-0

[Event "Sri Lanka National B Chess Championship 2015"]
[Site "SLIIT, Malabe"]
[Date "2015.06.20"]
[Round "3"]
[Board "13"]
[White "Bhagya, Viman"]
[Black "Naotunna, D R"]
[Result "1/2-1/2"]
[WhiteElo "2023"]
[BlackElo "1746"]
[PlyCount "65"]
[EventDate "2015.06.19"]
[EventRounds "10"]
[EventCountry "SRI"]

1. d4 c5 2. d5 Nf6 3. c4 e6 4. Nc3 exd5 5. cxd5 d6 6. Nf3 g6 7. Nd2 Nbd7 8. e4
Bg7 9. Be2 O-O 10. O-O a6 11. a4 Rb8 12. f4 Qc7 13. Kh1 Re8 14. e5 dxe5 15. Nc4
b5 16. axb5 axb5 17. Nxe5 c4 18. Nc6 Rb7 19. Ne7+ Kh8 20. d6 Qc5 21. Bf3 Rb6
22. Ncd5 Nxd5 23. Qxd5 Qxd6 24. Nxc8 Qxd5 25. Bxd5 Rxc8 26. Bxf7 Nc5 27. Be3
Bxb2 28. Rab1 Kg7 29. Bxc4 bxc4 30. Rxb2 Rxb2 31. Bd4+ Kg8 32. Bxb2 Ne6 33. Bc3
{poor recording} 1/2-1/2

[Event "Sri Lanka National B Chess Championship 2015"]
[Site "SLIIT, Malabe"]
[Date "2015.06.20"]
[Round "3"]
[Board "14"]
[White "Hapuarachchi, H L M"]
[Black "Hettiarachchi, C U"]
[Result "1-0"]
[WhiteElo "1900"]
[BlackElo "1715"]
[PlyCount "75"]
[EventDate "2015.06.19"]
[EventRounds "10"]
[EventCountry "SRI"]

1. e4 c5 2. Nc3 e6 3. f4 Nc6 4. Nf3 a6 5. a4 d5 6. d3 Nf6 7. Qe2 Nd4 8. Nxd4
cxd4 9. Nb1 dxe4 10. dxe4 Bb4+ 11. Bd2 Bxd2+ 12. Nxd2 Qc7 13. Qc4 Qxf4 14. Qxd4
O-O 15. Be2 b5 16. Qf2 Qe5 17. O-O Qxb2 18. Bd3 Bd7 19. Qg3 Bc6 20. Kh1 e5 21.
Rab1 Qc3 22. Rxf6 Qxd2 23. Rxc6 bxa4 24. Qxe5 a3 25. Qa1 Qa5 26. Rcb6 a2 27.
R1b2 Kh8 28. Rb7 Qd2 29. Rxa2 a5 30. h3 a4 31. Rb1 Ra5 32. Rxa4 Rg5 33. Rg1 h6
34. Ra8 Rxa8 35. Qxa8+ Kh7 36. Qb7 f6 37. e5+ f5 38. Qf3 1-0

[Event "Sri Lanka National B Chess Championship 2015"]
[Site "SLIIT, Malabe"]
[Date "2015.06.20"]
[Round "3"]
[Board "15"]
[White "Theekshana, H G Denuwan"]
[Black "De Silva, Osheen"]
[Result "0-1"]
[WhiteElo "1654"]
[BlackElo "1888"]
[PlyCount "108"]
[EventDate "2015.06.19"]
[EventRounds "10"]
[EventCountry "SRI"]

1. d4 d5 2. Bf4 Nf6 3. Nf3 e6 4. e3 c5 5. c3 Qb6 6. Qc2 Nc6 7. h3 Bd7 8. Nbd2
Rc8 9. Nb3 cxd4 10. Nbxd4 Bc5 11. Nxc6 Bxc6 12. Nd4 O-O 13. Bd3 Bxd4 14. exd4
Bb5 15. Bxb5 Qxb5 16. Qe2 Qc6 17. O-O Rfe8 18. Rfe1 a5 19. a4 Ra8 20. Ra3 Qc4
21. Qxc4 dxc4 22. Raa1 Nd5 23. Bh2 Ra6 24. Re2 Rb6 25. Kf1 Rc8 26. Ke1 Rcc6 27.
Kd1 Rb3 28. Kc2 Rcb6 29. Ra2 f6 30. g4 Kf7 31. f4 Kg6 32. Re4 h5 33. gxh5+ Kxh5
34. Bg3 Kg6 35. Re2 Kf5 36. Re1 Nxf4 37. Rf1 g5 38. h4 Kg4 39. Bxf4 gxf4 40. h5
Kxh5 41. Rxf4 Kg5 42. Rf2 f5 43. Kd1 f4 44. Ke1 Kg4 45. Rd2 Kg3 46. Ke2 e5 47.
dxe5 Rh6 48. Kd1 Rbb6 49. Kc2 Rh1 50. Rd1 Rxd1 51. Kxd1 f3 52. Ke1 f2+ 53. Kf1
Re6 54. Ra1 Rxe5 0-1

[Event "Sri Lanka National B Chess Championship 2015"]
[Site "SLIIT, Malabe"]
[Date "2015.06.20"]
[Round "3"]
[Board "16"]
[White "Mendis, W G Chinthaka"]
[Black "Lakshitha, H H Sasindu"]
[Result "1-0"]
[WhiteElo "1875"]
[BlackElo "1689"]
[PlyCount "268"]
[EventDate "2015.06.19"]
[EventRounds "10"]
[EventCountry "SRI"]

1. d4 Nf6 2. c4 g6 3. Nc3 Bg7 4. e4 d6 5. Nf3 O-O 6. h3 e5 7. dxe5 dxe5 8. Qxd8
Rxd8 9. Bg5 c6 10. Be2 Re8 11. O-O-O Na6 12. Rd6 Nd7 13. Rhd1 Nf8 14. Rd8 Be6
15. Rxe8 Rxe8 16. Be3 Ra8 17. c5 Nc7 18. b3 f6 19. Nd2 Rd8 20. Bc4 Kf7 21.
Bxe6+ Nfxe6 22. Nc4 Rxd1+ 23. Kxd1 Nd8 24. Kd2 Bf8 25. b4 Ke6 26. f4 Be7 27.
fxe5 fxe5 28. Nd1 Ne8 29. Kd3 Nf7 30. Na5 Nd8 31. Nb2 Bh4 32. Nbc4 Bf6 33. Bf2
Kf7 34. Bg3 Ke6 35. a3 Nc7 36. a4 Na8 37. Bf2 Be7 38. Nb3 Nf7 39. Be3 Nc7 40.
Nca5 Nd8 41. Kc4 Kd7 42. Nd2 Nce6 43. Nf3 Bf6 44. g3 Kc7 45. b5 cxb5+ 46. axb5
a6 47. b6+ Kd7 48. Kd5 Ng7 49. Nxe5+ Bxe5 50. Kxe5 Nc6+ 51. Nxc6 Kxc6 52. Kd4
Ne6+ 53. Kc4 a5 54. e5 a4 55. Kb4 a3 56. Kxa3 Nxc5 57. Bd4 Ne4 58. g4 Kd5 59.
Be3 Kxe5 60. Kb4 Kd5 61. h4 Nf6 62. g5 Nd7 63. Kb5 Ne5 64. Bf4 Nf3 65. Bg3 Nd4+
66. Kb4 Nf5 67. Bf2 Nd6 68. Bg3 Kc6 69. Bf2 Nc8 70. Ka5 Ne7 71. Kb4 Nd5+ 72.
Ka5 Nf4 73. Ka4 Nd3 74. Be3 Ne5 75. Kb4 Nd7 76. Ka5 Kd5 77. Kb5 Ne5 78. Bf4 Nf3
79. Bg3 Nd4+ 80. Kb4 Nf5 81. Bf2 h6 82. gxh6 Nxh6 83. Kc3 Nf5 84. Kd3 Ne7 85.
Ke3 Ke5 86. Bg3+ Kd5 87. Kf4 Ke6 88. Bf2 Nd5+ 89. Kg5 Kf7 90. Bd4 Ne7 91. Bf6
Nc6 92. Bc3 Nd8 93. Kf4 Ke6 94. Ke4 Nf7 95. Be1 Nd6+ 96. Kd4 Nf5+ 97. Kc5 Ne3
98. Bd2 Nf5 99. Bg5 Ng3 100. Bd8 Ne4+ 101. Kd4 Nd6 102. Ke3 Nf7 103. Bc7 Nh6
104. Ke4 Nf5 105. Bd8 Nd6+ 106. Kf4 Nc4 107. Bc7 Nd2 108. Ke3 Nb3 109. Kd3 Nc5+
110. Kc4 Ne4 111. Kd4 Nf6 112. Bd8 Nh5 113. Ke4 Ng7 114. Kf4 Nf5 115. Kg5 Kf7
116. h5 Nd4 117. hxg6+ Kg8 118. Kf6 Nc6 119. Bc7 Kf8 120. Bd6+ Kg8 121. Bc5 Na5
122. Bd4 Nc6 123. Bc3 Kf8 124. g7+ Kg8 125. Ke6 Nb8 126. Kd6 Na6 127. Bd4 Kf7
128. Kd7 Nb8+ 129. Kc7 Nc6 130. Bc3 Ne7 131. Kxb7 Ke8 132. Bf6 Ng8 133. Be5 Kd7
134. Ka7 Ke8 1-0

[Event "Sri Lanka National B Chess Championship 2015"]
[Site "SLIIT, Malabe"]
[Date "2015.06.20"]
[Round "3"]
[Board "17"]
[White "Nanayakkara, J A K Saranath"]
[Black "Wijesinghe, G B"]
[Result "1-0"]
[WhiteElo "1872"]
[BlackElo "1667"]
[PlyCount "87"]
[EventDate "2015.06.19"]
[EventRounds "10"]
[EventCountry "SRI"]

1. d4 Nf6 2. Nf3 g6 3. Bf4 Bg7 4. e3 d5 5. c4 O-O 6. Nc3 a6 7. Be2 dxc4 8. Bxc4
b5 9. Bb3 Bb7 10. Rc1 Nbd7 11. a4 b4 12. Na2 c5 13. dxc5 Rc8 14. Ne5 a5 15. O-O
Nxe5 16. Bxe5 Ne4 17. Bxg7 Kxg7 18. Qg4 Rxc5 19. Rxc5 Nxc5 20. Rd1 Qc7 21. Rc1
Rc8 22. Bd1 Qe5 23. b3 Ne6 24. Rxc8 Bxc8 25. Qc4 Qd6 26. Be2 Nc5 27. Nc1 f6 28.
Nd3 Nb7 29. Qxc8 Qd5 30. Qc4 Qd8 31. Nc5 Nxc5 32. Qxc5 Kf8 33. Qd4 Qc7 34. Bc4
Kg7 35. f4 Qc8 36. h3 Qf5 37. Qd3 Qc5 38. Kf2 Qh5 39. Qd5 Qh4+ 40. Kf1 Kh6 41.
Qf3 f5 42. g4 e5 43. g5+ Kg7 44. Qb7+ 1-0

[Event "Sri Lanka National B Chess Championship 2015"]
[Site "SLIIT, Malabe"]
[Date "2015.06.20"]
[Round "3"]
[Board "18"]
[White "Amarasekara, Lakmal"]
[Black "Liyanapathirana, Pasan Vindula"]
[Result "0-1"]
[WhiteElo "1540"]
[BlackElo "1847"]
[PlyCount "64"]
[EventDate "2015.06.19"]
[EventRounds "10"]
[EventCountry "SRI"]

1. Nc3 d5 2. d4 Nf6 3. Bg5 e6 4. e3 c5 5. Nf3 Nc6 6. dxc5 Bxc5 7. a3 O-O 8. Be2
Bd7 9. O-O h6 10. Bh4 Be7 11. b4 Rc8 12. Nb5 a6 13. Nbd4 Ne4 14. Nxc6 Bxc6 15.
Bxe7 Qxe7 16. Bd3 Qf6 17. Nd4 Bd7 18. c4 Nc3 19. Qb3 dxc4 20. Bxc4 b5 21. Bd3
e5 22. Ne2 e4 23. Nxc3 Rxc3 24. Qd5 Bc6 25. Qh5 exd3 26. Rfd1 Rd8 27. Ra2 Rd5
28. Qh3 Bd7 29. Qg3 d2 30. f4 Rc1 31. Qf3 Rxd1+ 32. Qxd1 Bg4 0-1